Statistics for Five Closest Countries by World Capital #2

Click here to take the quiz!

General Stats

  • This quiz has been taken 103 times
    (80 since last reset)
  • The average score is 34 of 40

Answer Stats

Capital City Country % Correct
CopenhagenSweden
100%
CopenhagenNorway
100%
SkopjeAlbania
97%
CopenhagenGermany
95%
Panama CityColombia
95%
SkopjeGreece
94%
Panama CityNicaragua
92%
UlaanbaatarRussia
92%
UlaanbaatarChina
92%
BaghdadIran
92%
SkopjeKosovo
92%
CopenhagenNetherlands
91%
SkopjeSerbia
91%
Panama CityCosta Rica
91%
TunisLibya
89%
TunisAlgeria
89%
CopenhagenPoland
89%
TunisItaly
88%
UlaanbaatarSouth Korea
86%
SkopjeBulgaria
86%
Port MoresbyAustralia
86%
UlaanbaatarNorth Korea
86%
BaghdadKuwait
86%
BaghdadSyria
85%
Panama CityVenezuela
85%
Port MoresbyIndonesia
83%
TunisMalta
83%
Panama CityHonduras
83%
BaghdadTurkey
82%
JubaC.A.R
80%
UlaanbaatarKazakhstan
80%
JubaKenya
80%
BaghdadSaudi Arabia
79%
JubaEthiopia
77%
JubaUganda
74%
JubaDR Congo
71%
TunisFrance
67%
Port MoresbySolomon Is.
62%
Port MoresbyPalau
59%
Port MoresbyMicronesia
55%

Score Distribution

Percentile by Number Answered

Percent of People with Each Score

Your Score History

You have not taken this quiz since the last reset